Normal view
MARC view
- Puar Shivani - 2K111123 & Prof. Pradeep Thite - Guide
Entry Personal Name
001 - CONTROL NUMBER
- control field: 102280
003 - CONTROL NUMBER IDENTIFIER
- control field: OSt
005 - DATE AND TIME OF LATEST TRANSACTION
- control field: 20221007215927.0
008 - FIXED-LENGTH DATA ELEMENTS
- fixed length control field: 221007|| aca||aabn | a|a d
040 ## - CATALOGING SOURCE
- Original cataloging agency: OSt
- Transcribing agency: OSt
100 ## - HEADING--PERSONAL NAME
- Personal name: Puar Shivani - 2K111123 & Prof. Pradeep Thite - Guide
670 ## - SOURCE DATA FOUND
- Source citation: Work cat.: (OSt)69442: Puar Shivani - 2K111123 & Prof. Pradeep Thite - Guide, Study of Volatility & Its Factors that Effect The Stock Market, 2013